|
|
|
|
| LEADER |
03205nam a22003853i 4500 |
| 001 |
EBC7101198 |
| 003 |
MiAaPQ |
| 005 |
20240729202204.0 |
| 006 |
m o d | |
| 007 |
cr cnu|||||||| |
| 008 |
240729s2014 xx o ||||0 ger d |
| 020 |
|
|
|a 9783428572588
|q (electronic bk.)
|
| 020 |
|
|
|z 9783428172580
|
| 035 |
|
|
|a (MiAaPQ)EBC7101198
|
| 035 |
|
|
|a (Au-PeEL)EBL7101198
|
| 035 |
|
|
|a (OCoLC)1348484853
|
| 040 |
|
|
|a MiAaPQ
|b eng
|e rda
|e pn
|c MiAaPQ
|d MiAaPQ
|
| 100 |
1 |
|
|a Socialpolitik, Verein für.
|
| 245 |
1 |
0 |
|a Verhandlungen der Dritten Generalversammlung des Vereins Für Socialpolitik Am 10. , 11. und 12. October 1875 :
|b Auf Grund der Stenographischen Niederschrift Hrsg. Vom Ständigen Ausschuß. (Schriften des Vereins Für Socialpolitik XI).
|
| 250 |
|
|
|a 1st ed.
|
| 264 |
|
1 |
|a Berlin :
|b Duncker & Humblot,
|c 2014.
|
| 264 |
|
4 |
|c {copy}1875.
|
| 300 |
|
|
|a 1 online resource (235 pages)
|
| 336 |
|
|
|a text
|b txt
|2 rdacontent
|
| 337 |
|
|
|a computer
|b c
|2 rdamedia
|
| 338 |
|
|
|a online resource
|b cr
|2 rdacarrier
|
| 490 |
1 |
|
|a Duncker and Humblot Reprints Series
|
| 505 |
0 |
|
|a Intro -- Vorrede. -- Erste Sitzung. Sonntag, den 10. October. 12 Uhr 30 M. Mittags. -- Referat von Dr. I. Gensel (Leipzig) über die Einkommensteuer. -- Zu These 1. -- Zu These 2. -- Zu These 3. -- Thesen des Referenten Dr. I. Gensel. -- Correferat des Prof. Dr. A. Held (Bonn) über die Einkommensteuer. -- Thesen des Correferenten Prof. Dr. A. Held. -- Zweite Sitzung. Montag, den 11. October. 10 Uhr 30 M. Vormittags -- Referat von Dr. E. von Plener in Wien über die Gewerbegesetzgebung in Oesterreich. -- Referat von Prof. Dr. H. v. Scheel (Bern) über Schweizerische Gewerbe-Gesetzgebung mit Bezug aus Lehrlinge resp. jugendliche Arbeiter. -- Referat von Dr. J. Brinckmann (Hamburg) über das Lehrlingswesen. -- Thesen des Referenten Dr. J. Brinckmann. -- Correferat des Prof. Dr. Schönberg über das Lehrlingswesen. -- Thesen des Correferenten Prof. Dr. Schönberg. -- Correferat von Fr. Liebau (Berlin) über das Lehrlingswesen. -- Thesen des Correferenten Fr. Liebau in Berlin. -- Dritte Sitzung. Dienstag, den 12. October. Vormittags 9 bis 1/2 12 Uhr. -- Referat von Prof. Dr. E. Nasse (Bonn) über die Münzreform. -- Thesen des Referenten Prof. Dr. E. Nasse. -- Anhang. -- A. Schema zu einem Lehrvertrag. -- B. Uebersicht der Einnahmen vnd Ausgaben des Vereins für Socialpolitik. -- C. -- D. Verzeichniß der Mitglieder des Vereins für Social Politik im Jahre 1875.
|
| 588 |
|
|
|a Description based on publisher supplied metadata and other sources.
|
| 590 |
|
|
|a Electronic reproduction. Ann Arbor, Michigan : ProQuest Ebook Central, 2024. Available via World Wide Web. Access may be limited to ProQuest Ebook Central affiliated libraries.
|
| 655 |
|
4 |
|a Electronic books.
|
| 776 |
0 |
8 |
|i Print version:
|a Socialpolitik, Verein für
|t Verhandlungen der Dritten Generalversammlung des Vereins Für Socialpolitik Am 10. , 11. und 12. October 1875
|d Berlin : Duncker & Humblot,c2014
|z 9783428172580
|
| 797 |
2 |
|
|a ProQuest (Firm)
|
| 830 |
|
0 |
|a Duncker and Humblot Reprints Series
|
| 856 |
4 |
0 |
|u https://ebookcentral.proquest.com/lib/matrademy/detail.action?docID=7101198
|z Click to View
|